=LDR 00000nam 2200000 4500 =001 INLIS000000000053028 =005 20180327085917 =035 ##$$a 0010-0318000255 =007 ta =008 180327###########################0###### =020 ##$$a 978-979-29-5996-3 =082 ##$$a 631.585 =084 ##$$a 631.585 MUH s =100 #$$a Muhammad Iqbal =245 1#$$a Simple hidroponik dimanapun, kapanpun, siapapun bisa bertanam dengan hidroponik /$c Muhammad Iqbal =260 ##$$a Yogyakarta :$b Andi,$c 2016 =300 ##$$a 152 hlm : $b ilus ; $c 24 cm =650 ##$$a Hidroponik =700 #$$a Sigit Suyantoro =504 ##$$a Bibliografi : hlm. 149-150 =990 ##$$a 64696469 =990 ##$$a 64696469 =990 ##$$a 64696469 =990 ##$$a 64696469 =990 ##$$a 64696469 =990 ##$$a 21710441 =990 ##$$a 01201806469 =990 ##$$a 01201806470 =990 ##$$a 01201806471 =990 ##$$a 01201806472 =990 ##$$a 21710442 =990 ##$$a 01201806469 =990 ##$$a 01201806470 =990 ##$$a 01201806471 =990 ##$$a 21710441 =990 ##$$a 21710443 =990 ##$$a 01201806469 =990 ##$$a 01201806470 =990 ##$$a 21710442 =990 ##$$a 21710441 =990 ##$$a 21710444 =990 ##$$a 01201806469 =990 ##$$a 21710443 =990 ##$$a 21710442 =990 ##$$a 21710441 =990 ##$$a 21710445 =990 ##$$a 21710444 =990 ##$$a 21710443 =990 ##$$a 21710442 =990 ##$$a 21710441